The Anatomy of Regional Activity Rates : (Record no. 55366)
[ view plain ]
| 000 -LEADER | |
|---|---|
| fixed length control field | 01110nam a2200277 a 4500 |
| 001 - CONTROL NUMBER | |
| control field | 55366 |
| 003 - CONTROL NUMBER IDENTIFIER | |
| rucl marc code | BD-TJUL |
| 005 - DATE AND TIME OF LATEST TRANSACTION | |
| control field | 20211209080244.0 |
| 008 - FIXED-LENGTH DATA ELEMENTS--GENERAL INFORMATION | |
| fixed length control field | 161116s1970 enk bs 000 0 eng |
| 020 ## - INTERNATIONAL STANDARD BOOK NUMBER | |
| International Standard Book Number | 0521077192 |
| 035 ## - SYSTEM CONTROL NUMBER | |
| System control number | (BD-TJUL)55488 |
| 040 ## - CATALOGING SOURCE | |
| Original cataloging agency | DLC |
| Transcribing agency | DLC |
| Modifying agency | m.c |
| -- | BD-TJUL |
| Language of cataloging | eng |
| 041 ## - LANGUAGE CODE | |
| Language code of text/sound track or separate title | eng |
| 082 ## - DEWEY DECIMAL CLASSIFICATION NUMBER | |
| Edition number | 23 |
| Classification number | 339.0942 |
| Author mark and year | BOA 1970 |
| 100 1# - MAIN ENTRY--PERSONAL NAME | |
| Personal name | Bowers, J. K. |
| Fuller form of name | (John Kenneth), |
| Dates associated with a name | 1938- |
| 9 (RLIN) | 164927 |
| 245 14 - TITLE STATEMENT | |
| Title | The Anatomy of Regional Activity Rates : |
| Remainder of title | Regional Social Accounts for the United Kingdom / |
| Statement of responsibility, etc. | by John Bowers; by V.H.Woodward, with a foreword by A.J.Brown |
| 260 ## - PUBLICATION, DISTRIBUTION, ETC. (IMPRINT) | |
| Place of publication, distribution, etc. | Cambridge : |
| Name of publisher, distributor, etc. | University Press, |
| Date of publication, distribution, etc. | 1970 |
| 300 ## - PHYSICAL DESCRIPTION | |
| Pagination | xiv, 176 p. ; |
| Size | 23 cm |
| 504 ## - BIBLIOGRAPHY, ETC. NOTE | |
| Bibliography, etc | Includes bibliographical references |
| 650 #0 - SUBJECT ADDED ENTRY--TOPICAL TERM | |
| Topical term or geographic name as entry element | National income |
| Geographic subdivision | Great Britain |
| 9 (RLIN) | 139249 |
| Topical term or geographic name as entry element | Gross national product |
| Geographic subdivision | Great Britain |
| 9 (RLIN) | 164928 |
| 700 12 - ADDED ENTRY--PERSONAL NAME | |
| Personal name | Woodward, V. H. |
| 830 #0 - SERIES ADDED ENTRY--UNIFORM TITLE | |
| Uniform title | Regional papers (National Institute of Economic and Social Research) ; |
| Volume number/sequential designation | 1 |
| 942 ## - ADDED ENTRY ELEMENTS (KOHA) | |
| Source of classification or shelving scheme | Dewey Decimal Classification |
| Koha item type | Books |
| Lost status | Source of classification or shelving scheme | Damaged status | Not for loan | Collection code | Permanent Location | Current Location | Shelving location | Date acquired | Source of acquisition | Cost, normal purchase price | Total Checkouts | Full call number | Date last seen | Copy number | Koha item type |
|---|---|---|---|---|---|---|---|---|---|---|---|---|---|---|---|
| Dewey Decimal Classification | Non-fiction | Central Library, University of Rajshahi | Central Library, University of Rajshahi | 30/04/1985 | TULIP | 138.50 | 339.0942 BOA 1970 | 16/11/2016 | C-2 | Books | |||||
| Dewey Decimal Classification | Not For Loan | Non-fiction | Central Library, University of Rajshahi | Central Library, University of Rajshahi | Reading Room | 30/04/1985 | Tulip, Toppon | 138.50 | 339.0942 BOA 1970 | 19/03/2017 | C-1 | Books |